02051cam a22003375a 45000010009000000050017000090080041000260100017000670200038000840400038001220820020001602450139001802600054003193000034003735000027004075000024004345040041004585050794004996500036012936500031013296500030013606500041013906510010014316530023014416550024014647000036014887000026015249420020015509990017015709520126015871727277120151004143717.0120424t2014 maua frbd 001 0 eng d a 2012016800 a9781449687977 (pbk. : alk. paper) aDNLM/DLCbengcDLCdDLCdEG-ScBUE04a615.58bCLI22200aClinical therapeutics primer :blink to the evidence for the ambulatory care pharmacist /cedited by Jennifer A. Reinhold, Grace Earl. aBurlington :bJones & Bartlett Learning,cc.2014. axix, 444 p. :bill. ;c26 cm. aGlossary : p. 421-429. aIndex : p. 430-444. aIncludes bibliographical references.0 aApproach to the patient and the patient-centered care process -- Clinical trial evaluation and biostatistics primer -- Evidence-based medicine and the application to patient care -- Special populations and considerations : geriatric patients -- Special populations and considerations : pediatric patients -- Special populations and considerations : pregnancy and lactation -- Special populations and considerations : drug dosing in renal impairment -- Special populations and considerations : drug dosing in hepatic impairment -- Hypertension -- Diabetes -- Dyslipidemia -- Heart failure -- Anticoagulation -- Generalized anxiety disorder -- Major depressive disorder -- Chronic obstructive pulmonary disease and asthma -- Bone health -- Human immunodeficiency virus (HIV) -- Chronic pain. 0aAmbulatory medical care.2BUEsh 7aChemotherapy.997572BUEsh 0aClinical medicine.2BUEsh 7aClinical pharmacology.9384542BUEsh 2BUEsh bPPhrmcOctober2015 vReading book9342321 aReinhold, Jennifer A.,eeditor.1 aEarl, Grace,eeditor. 2ddck615.58 CLI c20875d20847 00102ddc40708BaccahaMAINbMAINc1STd2015-10-01ePurchaseg350.00l0o615.58 CLIp000030993r2025-07-15 00:00:00yBB